| 000 | 00554nam a2200169 4500 | ||
|---|---|---|---|
| 999 |
_c512367 _d512367 |
||
| 008 | 191120b ||||| |||| 00| 0 eng d | ||
| 100 |
_aSamuel, Manoj P. _913543 |
||
| 245 | _aRoad map for agricultural technology transfer and commercialisation | ||
| 260 | _bEconomic and Political Weekly | ||
| 300 | _a54(43), 26 Oct, 2019: p.13-16. | ||
| 650 |
_aAgricultural technology _913544 |
||
| 700 |
_aMaredia, Karim _913545 |
||
| 700 |
_aSastry, R. Maredia _913546 |
||
| 773 | _aEconomic and Political Weekly | ||
| 906 | _aAgriculture | ||
| 942 |
_2ddc _cAR |
||